|
|
|
|
| LEADER |
01767nam a2200445 a 4500 |
| 001 |
nkc20081818382 |
| 003 |
CZ PrNK |
| 005 |
20251121112816.0 |
| 007 |
ta |
| 008 |
080908s2008 xr a e 100 0 cze |
| 015 |
|
|
|a cnb001818382
|
| 020 |
|
|
|a 978-80-02-02070-7
|q (Český svaz vědeckotechnických společností ;
|q brož.)
|
| 035 |
|
|
|a (OCoLC)641491186
|
| 040 |
|
|
|a OLA001
|b cze
|d BOA001
|d ABA001
|
| 072 |
|
7 |
|a 630
|x Lesnictví
|2 Konspekt
|9 24
|
| 080 |
|
|
|a 582.475.1
|2 MRF
|
| 080 |
|
|
|a 630.2
|2 MRF
|
| 080 |
|
|
|a 630.23
|2 MRF
|
| 080 |
|
|
|a (062.534)
|2 MRF
|
| 111 |
2 |
|
|a Přirozené zmlazování borovice (seminář)
|d (2008 :
|c Mimoň, Česko)
|7 olak2010523174
|
| 245 |
1 |
0 |
|a Přirozené zmlazování borovice :
|b [odborný seminář] : sborník referátů : 17. září 2008, Mimoň
|
| 260 |
|
|
|a [Praha] :
|b Česká lesnická společnost,
|c [2008]
|
| 300 |
|
|
|a 44 s. :
|b il. ;
|c 30 cm
|
| 500 |
|
|
|a Nad názvem: Česká lesnická společnost, o.s., ve spolupráci s VLS ČR s. p., divizí Mimoň ...
|
| 504 |
|
|
|a Obsahuje bibliografie
|
| 650 |
0 |
7 |
|a borovice lesní
|7 ph202627
|2 czenas
|
| 650 |
0 |
7 |
|a pěstování lesa
|7 ph124859
|2 czenas
|
| 650 |
0 |
7 |
|a obnova lesních porostů
|7 ph136605
|2 czenas
|
| 650 |
0 |
9 |
|a Scots pine
|2 eczenas
|
| 650 |
0 |
9 |
|a forest cultivation
|2 eczenas
|
| 650 |
0 |
9 |
|a afforestation
|2 eczenas
|
| 655 |
|
7 |
|a sborníky konferencí
|7 fd133333
|2 czenas
|
| 655 |
|
9 |
|a proceedings of conferences
|2 eczenas
|
| 710 |
2 |
|
|a Česká lesnická společnost
|7 kn20020911008
|
| 710 |
2 |
|
|a Vojenské lesy a statky ČR (firma).
|b Divize Mimoň
|7 kn20040921008
|
| 910 |
2 |
|
|a BOA001
|b 4-1241.179
|
| 990 |
|
|
|a BK
|
| 995 |
|
|
|a 01
|
| 991 |
|
|
|b 201005
|c NOV
|
| 996 |
6 |
|
|b 2610433107
|c 4-1241.179
|l MZK
|r Sklad / do 1 hodiny
|n 0
|p p.v.
|w 001119454
|u 000010
|a 1
|e BOA001
|j MZK50
|s P
|